000 00385nam a2200133Ia 4500
008 211109s9999||||xx |||||||||||||| ||und||
082 _a894.8123
_bMUK.M
100 _aMukundan, M
245 0 _aThevidissikkili
260 _bCURRENT BOOKS
_aKottayam
_c1998
630 _xGeneral Stack
650 _aLiterature & rhetoric
_vmalayalam literature
_xmalayalam storiesMalayalam
942 _cBOOK
999 _c54138
_d54138